000 00381 a2200169 4500
001 191700
020 _a978-85-7153-337-0
040 _cMagnum
100 _aMariano, Shirley
240 1 0 _aO macaco que queria ser rei
_lpor
245 1 0 _aO macaco que queria ser rei
300 _a40
362 0 _a2014
440 1 _aRHJ
697 _aLITERATURA INFANTO-JUVENIL
942 _cBK
999 _c191700
_d191700